000 00872nam a2200217 a 4500
001 000004048
005 20200929150700.0
008 090716s2007 dr 000 0 spa d
020 _a9789945405743
040 _aDO-SdBNP
_bspa
_cBNPHU
082 _a342.729303
_bC831r
100 1 _aCortorreal, Eustacia
_912083
245 1 0 _aLa reforma constitucional :
_bpropuesta a la luz del Estado de derecho social y la democracia participativa /
_cEustacia Cartorreal.
260 _aSanto Domingo :
_bInstituto de Investigación y Documentación de la Isla de Quisqueya,
_c2007.
300 _a164 p. ;
_c21 cm.
590 _aInventariado, 2018/ YL
504 _aBibliografía: p. 157
650 4 _aReformas constitucionales
_zRepública Dominicana
_98313
651 4 _aRepública Dominicana
_xDerecho Constitucional
_xReformas
_912084
910 _aValidado. Control de calidad MMOLINA
999 _c3867
_d3867